Sports Quiz

Random Sports or Football Quiz

2010 AL Central Teams Ultimate Rosters Quiz Stats

 Plays Quiz not verified by Sporcle

Challenge
Share
Tweet
Score 0/125 Timer 15:00
0 Plays Today
Team Player % Correct
Minnesota TwinsJoe Mauer
80%
Detroit TigersJustin Verlander
78.3%
Detroit TigersMiguel Cabrera
77.4%
Cleveland IndiansAsdrubal Cabrera
77.4%
Chicago White SoxMark Buehrle
76.5%
Minnesota TwinsJustin Morneau
74.8%
Minnesota TwinsFrancisco Liriano
73%
Chicago White SoxPaul Konerko
70.4%
Cleveland IndiansGrady Sizemore
68.7%
Minnesota TwinsJim Thome
67.8%
Kansas City RoyalsZack Greinke
67.8%
Chicago White SoxEdwin Jackson
66.1%
Detroit TigersAustin Jackson
66.1%
Cleveland IndiansTravis Hafner
65.2%
Chicago White SoxAlexi Ramirez
64.3%
Minnesota TwinsJason Kubel
63.5%
Minnesota TwinsMichael Cuddyer
63.5%
Chicago White SoxManny Ramirez
63.5%
Chicago White SoxBobby Jenks
60.9%
Chicago White SoxAJ Pierzynski
60.9%
Cleveland IndiansFausto Carmona
60.9%
Detroit TigersBrandon Inge
60%
Chicago White SoxJohn Danks
57.4%
Kansas City RoyalsBilly Butler
57.4%
Minnesota TwinsCarl Pavano
56.5%
Detroit TigersMagglio Ordonez
56.5%
Detroit TigersCarlos Guillen
56.5%
Minnesota TwinsDenard Span
55.7%
Kansas City RoyalsJose Guillen
55.7%
Chicago White SoxGordon Beckham
54.8%
Detroit TigersJhonny Peralta
54.8%
Cleveland IndiansJhonny Peralta
54.8%
Cleveland IndiansShin-Soo Choo
53%
Chicago White SoxAndruw Jones
52.2%
Detroit TigersRick Porcello
52.2%
Cleveland IndiansJake Westbrook
52.2%
Minnesota TwinsScott Baker
51.3%
Minnesota TwinsDelmon Young
51.3%
Chicago White SoxGavin Floyd
49.6%
Minnesota TwinsNick Punto
48.7%
Chicago White SoxCarlos Quentin
47.8%
Detroit TigersJose Valverde
47.8%
Team Player % Correct
Kansas City RoyalsJoakim Soria
47%
Minnesota TwinsOrlando Hudson
46.1%
Chicago White SoxDaniel Hudson
46.1%
Minnesota TwinsNick Blackburn
45.2%
Chicago White SoxJake Peavy
44.3%
Kansas City RoyalsScott Podsednik
43.5%
Minnesota TwinsMatt Capps
42.6%
Minnesota TwinsJJ Hardy
42.6%
Kansas City RoyalsDavid DeJesus
42.6%
Minnesota TwinsKevin Slowey
41.7%
Chicago White SoxJJ Putz
41.7%
Detroit TigersMax Scherzer
40.9%
Cleveland IndiansCarlos Santana
40.9%
Kansas City RoyalsJason Kendall
40.9%
Detroit TigersGerald Laird
40%
Minnesota TwinsJon Rauch
39.1%
Chicago White SoxJuan Pierre
39.1%
Kansas City RoyalsYuniesky Betancourt
39.1%
Chicago White SoxMark Teahen
38.3%
Cleveland IndiansChris Perez
38.3%
Chicago White SoxAlex Rios
37.4%
Cleveland IndiansRafael Perez
37.4%
Minnesota TwinsDanny Valencia
36.5%
Detroit TigersAlex Avila
36.5%
Detroit TigersBrennan Boesch
36.5%
Cleveland IndiansKerry Wood
36.5%
Cleveland IndiansMatt LaPorta
36.5%
Detroit TigersJoel Zumaya
35.7%
Kansas City RoyalsBlake Wood
35.7%
Chicago White SoxMatt Thornton
34.8%
Detroit TigersJohnny Damon
34.8%
Kansas City RoyalsBrian Bannister
33.9%
Detroit TigersArmando Galarraga
31.3%
Kansas City RoyalsLuke Hochevar
30.4%
Chicago White SoxOmar Vizquel
29.6%
Cleveland IndiansJustin Masterson
29.6%
Kansas City RoyalsBrayan Pena
29.6%
Minnesota TwinsBrian Duensing
28.7%
Detroit TigersDontrelle Willis
27.8%
Cleveland IndiansJoe Smith
27.8%
Cleveland IndiansLou Marson
27.8%
Kansas City RoyalsAlberto Callaspo
27.8%
Team Player % Correct
Minnesota TwinsBrian Fuentes
27%
Chicago White SoxRamon Castro
27%
Detroit TigersRyan Raburn
27%
Kansas City RoyalsMike Aviles
27%
Chicago White SoxFreddy Garcia
26.1%
Chicago White SoxMark Kotsay
26.1%
Detroit TigersPhil Coke
26.1%
Detroit TigersRamon Santiago
26.1%
Detroit TigersBrad Thomas
25.2%
Minnesota TwinsMatt Guerrier
24.3%
Kansas City RoyalsRick Ankiel
23.5%
Minnesota TwinsDrew Butera
22.6%
Kansas City RoyalsBruce Chen
22.6%
Cleveland IndiansMark Grudzielanek
21.7%
Cleveland IndiansLuis Valbuena
21.7%
Kansas City RoyalsKyle Davies
21.7%
Cleveland IndiansMitch Talbot
20.9%
Cleveland IndiansTrevor Crowe
20%
Minnesota TwinsJose Mijares
19.1%
Cleveland IndiansDavid Huff
19.1%
Cleveland IndiansRussell Branyan
19.1%
Chicago White SoxSergio Santos
18.3%
Detroit TigersRyan Perry
16.5%
Cleveland IndiansAustin Kearns
16.5%
Kansas City RoyalsWillie Bloomquist
16.5%
Chicago White SoxChris Sale
14.8%
Detroit TigersWill Rhymes
14.8%
Cleveland IndiansJensen Lewis
14.8%
Detroit TigersDaniel Schlereth
13.9%
Kansas City RoyalsKyle Farnsworth
12.2%
Cleveland IndiansTony Sipp
10.4%
Kansas City RoyalsWilson Betemit
9.6%
Cleveland IndiansJosh Tomlin
8.7%
Kansas City RoyalsBryan Bullington
8.7%
Kansas City RoyalsRob Tejeda
8.7%
Kansas City RoyalsMitch Maier
7.8%
Minnesota TwinsRon Mahay
7%
Detroit TigersEddie Bonine
7%
Kansas City RoyalsSean O'Sullivan
7%
Kansas City RoyalsDusty Hughes
7%
Minnesota TwinsJason Repko
5.2%

You're not logged in!

Compare scores with friends on all Sporcle quizzes.
OR
Log In

You Might Also Like...

Show Comments

Extras

Top Quizzes Today


Score Distribution

Your Account Isn't Verified!

In order to create a playlist on Sporcle, you need to verify the email address you used during registration. Go to your Sporcle Settings to finish the process.

Report this User

Report this user for behavior that violates our Community Guidelines.

Details: